<?xml version="1.0" encoding="UTF-8"?>
<record
    xmlns:xsi="http://www.w3.org/2001/XMLSchema-instance"
    xsi:schemaLocation="http://www.loc.gov/MARC21/slim http://www.loc.gov/standards/marcxml/schema/MARC21slim.xsd"
    xmlns="http://www.loc.gov/MARC21/slim">

  <leader>01445nam a2200157 a 4500</leader>
  <datafield tag="082" ind1=" " ind2=" ">
    <subfield code="a">540 OUE</subfield>
  </datafield>
  <datafield tag="100" ind1="1" ind2=" ">
    <subfield code="a">Ouellette, Robert J.</subfield>
  </datafield>
  <datafield tag="245" ind1="1" ind2="0">
    <subfield code="a">Introduction to general, organic, and biological chemistry /</subfield>
  </datafield>
  <datafield tag="250" ind1=" " ind2=" ">
    <subfield code="a">2nd ed.</subfield>
  </datafield>
  <datafield tag="260" ind1=" " ind2=" ">
    <subfield code="a">[S.l.] :</subfield>
    <subfield code="b">Collier Macmillan,</subfield>
    <subfield code="c">1988.</subfield>
  </datafield>
  <datafield tag="300" ind1=" " ind2=" ">
    <subfield code="a">21 p. ;</subfield>
  </datafield>
  <datafield tag="520" ind1=" " ind2=" ">
    <subfield code="a">Using the chemistry of life as a unifying theme, this proven book offers an integrated and balanced treatment of chemical concepts. Balances qualitative discussions with careful development of basic problem-solving skills. Organized in sequential chapters covering general, organic, and biochemistry, the topics are woven together when appropriate by using organic examples in the general chemistry section and biochemical examples in the organic chemistry chapters. Many pharmaceutical, medicinal, and general interest subjects are used in the in-chapter end-of-chapter examples and exercises. Essays highlight chemistry in the world around us including many medical applications (Fetal Alcohol Syndrome; Gene Therapy in Cystic Fibrosis; Bone Marrow Transplants), dietary nutritional subjects (Bacteria and Ulcers; Diet, Amino Acid Supplements and Muscles), and general interest topics (Silicon Affects your Lifestyle; Recombinant DNA and Agriculture; Freon, Radicals, and the Ozone Layer).</subfield>
  </datafield>
  <datafield tag="650" ind1=" " ind2=" ">
    <subfield code="a">general chemistry,organic chemistry,biologicalchemistry</subfield>
  </datafield>
  <datafield tag="856" ind1="4" ind2="0">
    <subfield code="u">http://www.amazon.com/exec/obidos/ASIN</subfield>
  </datafield>
  <datafield tag="942" ind1=" " ind2=" ">
    <subfield code="c">BK</subfield>
  </datafield>
  <datafield tag="999" ind1=" " ind2=" ">
    <subfield code="c">1153</subfield>
    <subfield code="d">1153</subfield>
  </datafield>
  <datafield tag="952" ind1=" " ind2=" ">
    <subfield code="0">0</subfield>
    <subfield code="1">0</subfield>
    <subfield code="7">0</subfield>
    <subfield code="8">NFIC</subfield>
    <subfield code="a">IC</subfield>
    <subfield code="b">IC</subfield>
    <subfield code="c">GEN</subfield>
    <subfield code="d">2015-09-15</subfield>
    <subfield code="l">0</subfield>
    <subfield code="o">540 OUE</subfield>
    <subfield code="p">003858</subfield>
    <subfield code="r">2015-09-15 00:00:00</subfield>
    <subfield code="w">2015-09-15</subfield>
    <subfield code="y">REF</subfield>
  </datafield>
</record>
